000 00388 a2200157 4500
001 47294
020 _a97885755526745 (broch.)
040 _cAnchieta - Aquarius
100 _aOrlando
240 1 0 _aHistórias de um pequeno astronauta
_lpor
245 1 0 _aHistórias de um pequeno astronauta
300 _a47 p
362 0 _a2011
650 4 _aLiteratura infanto-juvenil
942 _cBK
999 _c47294
_d47294